000 00792nam a22002297a 4500
005 20170124110054.0
010 _aB-159452
020 _c00.00
_a8176295558
035 _aB-159452
037 _bCen Lib/ Ret
040 _aDPL
_bEN
082 _a650
_bBUS
245 _aBusiness process outsourcing (BPO) :
_cedited by S.Nakkiran [and] John Franklin
_bconcept, current trends, management, future challenges /
260 _aNew Delhi
_bDeep & Deep Publications Pvt. Ltd.
_c2004
270 _aF-159. Rajouri Garden
_bNew Delhi
_e110027
300 _axix,308p. :
_c23cm(Hb)
_bill.
500 _aIncludes bibliographical references and index
650 _aContracting out
_926047
650 _aBPO
_926048
700 _aFranklin, John
_926049
942 _2ddc
_cEN
_h650
_mBUS
999 _c129330
_d129330